000 00778nam a2200313Ia 4500
008 170203s9999 xx 000 0 und d
020 _a0-743437659
050 _aFic
050 _bK26m
100 _aKeene, Carolyn.
245 4 _aThe mistletoe mystery /
245 _cCarolyn Keene.
260 _aNew York :
260 _bAladdin Paperbacks,
260 _c2002
300 _a147 pages ;
300 _c20 cm.
440 _aNancy Drew.
440 _v#169.
650 _aChristmas --
650 _aDepartment stores --
650 _aDrew, Nancy (Fictitious character) --
650 _aMystery and detective stories.
650 _aStealing --
650 _xFiction.
650 _xFiction.
650 _xFiction.
650 _xJuvenile fiction.
999 _c306571
_d306571